[Event "Blitz 2018"]
[Site "Saint-Petersburg"]
[Date "2018.12.29"]
[Round "8"]
[Board "69"]
[White "Iljiushenok Ilia (RUS)"]
[Black "Potapov Pavel (RUS)"]
[Result "1-0"]
[LiveChessVersion "1.4.8"]
[BlackElo "2542"]
[WhiteElo "2467"]

1. e4 {[%clk 0:03:03]} c5 {[%clk 0:03:03]} 2. Nc3 {[%clk 0:03:04]} Nc6
{[%clk 0:03:04]} 3. Bb5 {[%clk 0:03:05]} Nd4 {[%clk 0:03:05]} 4. Bc4
{[%clk 0:03:06]} e6 {[%clk 0:03:05]} 5. Nge2 {[%clk 0:03:07]} Qc7
{[%clk 0:03:05]} 6. d3 {[%clk 0:02:58]} a6 {[%clk 0:03:01]} 7. Nxd4
{[%clk 0:02:57]} cxd4 {[%clk 0:03:00]} 8. Ne2 {[%clk 0:02:57]} Bc5
{[%clk 0:02:56]} 9. O-O {[%clk 0:02:56]} Ne7 {[%clk 0:02:57]} 10. a3
{[%clk 0:02:55]} b5 {[%clk 0:02:55]} 11. Ba2 {[%clk 0:02:55]} Bb7
{[%clk 0:02:56]} 12. b4 {[%clk 0:02:39]} Bb6 {[%clk 0:02:56]} 13. Bb2
{[%clk 0:02:39]} Nc6 {[%clk 0:02:53]} 14. c3 {[%clk 0:02:33]} Qd6
{[%clk 0:02:21]} 15. c4 {[%clk 0:02:33]} Bc7 {[%clk 0:02:02]} 16. f4
{[%clk 0:02:35]} bxc4 {[%clk 0:01:51]} 17. dxc4 e5 {[%clk 0:01:31]} 18. c5
{[%clk 0:02:34]} Qh6 {[%clk 0:01:23]} 19. Bd5 {[%clk 0:02:17]} exf4
{[%clk 0:01:12]} 20. Nxd4 {[%clk 0:02:08]} Nxd4 {[%clk 0:00:44]} 21. Qxd4
{[%clk 0:02:04]} O-O-O {[%clk 0:00:28]} 22. Qxg7 {[%clk 0:01:48]} Qh5
{[%clk 0:00:13]} 23. Qxf7 {[%clk 0:01:38]} Qe2 {[%clk 0:00:10]} 24. Bxh8
{[%clk 0:01:32]} Rxh8 {[%clk 0:00:11]} 25. Bxb7+ {[%clk 0:01:11]} Kxb7
{[%clk 0:00:12]} 26. Qxd7 {[%clk 0:01:11]} Rd8 {[%clk 0:00:12]} 27. Qg7
{[%clk 0:00:58]} Qe3+ {[%clk 0:00:08]} 28. Kh1 {[%clk 0:00:56]} Rd2
{[%clk 0:00:09]} 29. Rae1 {[%clk 0:00:46]} Rf2 {[%clk 0:00:06]} 30. Qa1
{[%clk 0:00:35]} Qd2 {[%clk 0:00:04]} 31. Rxf2 {[%clk 0:00:35]} Qxf2
{[%clk 0:00:05]} 32. Rf1 {[%clk 0:00:35]} Qh4 {[%clk 0:00:06]} 33. e5
{[%clk 0:00:32]} Qh5 {[%clk 0:00:05]} 34. Qd1 {[%clk 0:00:27]} Qxe5
{[%clk 0:00:05]} 35. Qf3+ {[%clk 0:00:28]} Kb8 {[%clk 0:00:06]} 36. h3
{[%clk 0:00:27]} h5 {[%clk 0:00:07]} 37. Rd1 {[%clk 0:00:26]} h4 {[%clk 0:00:08]}
38. Kh2 {[%clk 0:00:23]} Qb2 {[%clk 0:00:09]} 39. Re1 {[%clk 0:00:22]} Qh8
{[%clk 0:00:08]} 40. Re6 {[%clk 0:00:21]} Ka7 {[%clk 0:00:07]} 41. Re7
{[%clk 0:00:22]} Kb8 {[%clk 0:00:08]} 42. a4 {[%clk 0:00:20]} Qd8
{[%clk 0:00:08]} 43. Re6 {[%clk 0:00:19]} Ka7 {[%clk 0:00:09]} 44. b5
{[%clk 0:00:20]} axb5 {[%clk 0:00:09]} 45. axb5 {[%clk 0:00:21]} 1-0

[Event "Blitz 2018"]
[Site "Saint-Petersburg"]
[Date "2018.12.29"]
[Round "8"]
[Board "70"]
[White "Lobanov Sergei (RUS)"]
[Black "Levin Evgeny A. (RUS)"]
[Result "1/2-1/2"]
[LiveChessVersion "1.4.8"]
[BlackElo "2539"]
[WhiteElo "2434"]

1. e4 {[%clk 0:03:03]} d5 {[%clk 0:03:03]} 2. exd5 {[%clk 0:03:04]} Qxd5
{[%clk 0:03:05]} 3. Nc3 {[%clk 0:03:05]} Qd8 {[%clk 0:03:06]} 4. d4
{[%clk 0:03:06]} c6 {[%clk 0:03:07]} 5. Nf3 {[%clk 0:03:07]} Bg4 {[%clk 0:03:07]}
6. Be2 {[%clk 0:03:07]} Nd7 {[%clk 0:03:01]} 7. h3 {[%clk 0:03:07]} Bh5
{[%clk 0:03:01]} 8. Bf4 {[%clk 0:02:59]} Ngf6 {[%clk 0:02:57]} 9. Qd2
{[%clk 0:03:00]} e6 {[%clk 0:02:58]} 10. O-O {[%clk 0:02:57]} Be7
{[%clk 0:02:55]} 11. Ne5 {[%clk 0:02:20]} Bxe2 {[%clk 0:02:36]} 12. Nxe2
{[%clk 0:02:17]} O-O {[%clk 0:02:34]} 13. c4 {[%clk 0:02:16]} Nxe5
{[%clk 0:02:12]} 14. Bxe5 {[%clk 0:02:17]} Nd7 {[%clk 0:02:11]} 15. Bg3
{[%clk 0:02:11]} Nf6 {[%clk 0:02:11]} 16. Be5 {[%clk 0:02:09]} Nd7
{[%clk 0:02:12]} 17. Bg3 {[%clk 0:02:04]} Nf6 {[%clk 0:02:14]} 1/2-1/2

[Event "Blitz 2018"]
[Site "Saint-Petersburg"]
[Date "2018.12.29"]
[Round "8"]
[Board "71"]
[White "Maslak Konstantin (RUS)"]
[Black "Vastrukhin Oleg (RUS)"]
[Result "1-0"]
[LiveChessVersion "1.4.8"]
[BlackElo "2488"]
[WhiteElo "2537"]

1. e4 {[%clk 0:03:02]} e6 {[%clk 0:03:03]} 2. d4 {[%clk 0:03:03]} d5
{[%clk 0:03:05]} 3. Nc3 {[%clk 0:03:04]} Bb4 {[%clk 0:03:06]} 4. e5
{[%clk 0:03:05]} c5 {[%clk 0:03:07]} 5. Bd2 {[%clk 0:03:06]} Nc6 {[%clk 0:03:08]}
6. Nb5 {[%clk 0:02:58]} Bxd2+ {[%clk 0:03:07]} 7. Qxd2 {[%clk 0:02:58]} Nxd4
{[%clk 0:03:07]} 8. Nxd4 {[%clk 0:02:55]} cxd4 {[%clk 0:03:08]} 9. f4
{[%clk 0:02:53]} Ne7 {[%clk 0:03:09]} 10. Nf3 {[%clk 0:02:53]} Nc6
{[%clk 0:03:07]} 11. Nxd4 {[%clk 0:02:52]} O-O {[%clk 0:03:00]} 12. O-O-O
{[%clk 0:02:49]} f6 {[%clk 0:02:45]} 13. exf6 {[%clk 0:02:41]} Qxf6
{[%clk 0:02:45]} 14. g3 {[%clk 0:02:41]} Nxd4 {[%clk 0:02:36]} 15. Qxd4
{[%clk 0:02:41]} Bd7 {[%clk 0:02:37]} 16. Bg2 {[%clk 0:02:19]} Rac8
{[%clk 0:02:16]} 17. Qxf6 {[%clk 0:02:00]} Rxf6 {[%clk 0:02:13]} 18. Rhe1
{[%clk 0:01:52]} h6 {[%clk 0:02:10]} 19. Re5 {[%clk 0:01:49]} Kf7
{[%clk 0:02:04]} 20. f5 {[%clk 0:01:15]} Rxf5 {[%clk 0:01:36]} 21. Rxf5+
{[%clk 0:01:14]} exf5 {[%clk 0:01:37]} 22. Bxd5+ {[%clk 0:01:15]} Be6
{[%clk 0:01:36]} 23. Bxb7 {[%clk 0:01:15]} Rc7 {[%clk 0:01:35]} 24. Bd5
{[%clk 0:01:11]} g5 {[%clk 0:01:32]} 25. b3 {[%clk 0:00:36]} Bxd5
{[%clk 0:01:27]} 26. Rxd5 {[%clk 0:00:37]} Ke6 {[%clk 0:01:28]} 27. c4
{[%clk 0:00:24]} h5 {[%clk 0:01:26]} 28. Kd2 {[%clk 0:00:20]} h4 {[%clk 0:01:27]}
29. Ke3 {[%clk 0:00:16]} hxg3 {[%clk 0:01:19]} 30. hxg3 {[%clk 0:00:17]} Kf6
{[%clk 0:01:10]} 31. Ra5 {[%clk 0:00:13]} Re7+ {[%clk 0:01:11]} 32. Kf3
{[%clk 0:00:10]} Rd7 {[%clk 0:01:07]} 33. Ke3 {[%clk 0:00:07]} Re7+
{[%clk 0:01:08]} 34. Kf2 {[%clk 0:00:06]} Rd7 {[%clk 0:01:03]} 35. Ke2
{[%clk 0:00:07]} Re7+ {[%clk 0:01:04]} 36. Kd3 {[%clk 0:00:07]} Rd7+
{[%clk 0:00:55]} 37. Ke3 {[%clk 0:00:08]} Re7+ {[%clk 0:00:56]} 38. Kd4
{[%clk 0:00:08]} f4 {[%clk 0:00:46]} 39. gxf4 {[%clk 0:00:07]} gxf4
{[%clk 0:00:47]} 40. Rh5 {[%clk 0:00:07]} Kg6 {[%clk 0:00:45]} 41. Rh1
{[%clk 0:00:08]} Kf5 {[%clk 0:00:41]} 42. c5 {[%clk 0:00:09]} f3 {[%clk 0:00:37]}
43. c6 {[%clk 0:00:10]} Re2 {[%clk 0:00:28]} 44. a4 {[%clk 0:00:07]} f2
{[%clk 0:00:22]} 45. Rf1 {[%clk 0:00:07]} Rc2 {[%clk 0:00:21]} 46. Kd5
{[%clk 0:00:08]} Kf4 {[%clk 0:00:20]} 47. b4 {[%clk 0:00:08]} Ke3
{[%clk 0:00:17]} 48. b5 {[%clk 0:00:09]} Ke2 {[%clk 0:00:18]} 49. Rxf2+
{[%clk 0:00:06]} Kxf2 {[%clk 0:00:18]} 50. a5 {[%clk 0:00:07]} Rd2+
{[%clk 0:00:11]} 51. Ke6 {[%clk 0:00:07]} Re2+ {[%clk 0:00:10]} 52. Kd7
{[%clk 0:00:08]} Rd2+ {[%clk 0:00:09]} 53. Kc7 {[%clk 0:00:09]} Ra2
{[%clk 0:00:10]} 54. b6 {[%clk 0:00:10]} Rxa5 {[%clk 0:00:07]} 55. b7
{[%clk 0:00:08]} 1-0

[Event "Blitz 2018"]
[Site "Saint-Petersburg"]
[Date "2018.12.29"]
[Round "8"]
[Board "72"]
[White "Tukhaev Adam (UKR)"]
[Black "Sanikidze Tornike (GEO)"]
[Result "0-1"]
[LiveChessVersion "1.4.8"]
[BlackElo "2484"]
[WhiteElo "2529"]

1. e4 {[%clk 0:03:02]} d6 {[%clk 0:03:02]} 2. d4 {[%clk 0:03:02]} g6
{[%clk 0:03:04]} 3. Nc3 {[%clk 0:03:02]} Bg7 {[%clk 0:03:05]} 4. f4
{[%clk 0:03:02]} Nc6 {[%clk 0:03:07]} 5. Be3 {[%clk 0:03:02]} Nf6
{[%clk 0:03:06]} 6. Be2 {[%clk 0:02:52]} e6 {[%clk 0:03:06]} 7. Qd2
{[%clk 0:02:47]} a6 {[%clk 0:03:01]} 8. Bf3 {[%clk 0:02:32]} Ne7 {[%clk 0:02:58]}
9. e5 {[%clk 0:02:08]} Nfd5 {[%clk 0:02:56]} 10. Nxd5 {[%clk 0:02:06]} exd5
{[%clk 0:02:50]} 11. Ne2 {[%clk 0:02:03]} h5 {[%clk 0:02:47]} 12. O-O
{[%clk 0:01:57]} Bg4 {[%clk 0:02:44]} 13. c3 {[%clk 0:01:42]} Qd7
{[%clk 0:02:44]} 14. a4 {[%clk 0:01:38]} c6 {[%clk 0:02:28]} 15. Nc1
{[%clk 0:01:38]} Nf5 {[%clk 0:02:26]} 16. Nd3 {[%clk 0:01:39]} Nh4
{[%clk 0:02:19]} 17. Bd1 {[%clk 0:01:39]} Bxd1 {[%clk 0:02:13]} 18. Raxd1
{[%clk 0:01:35]} O-O {[%clk 0:02:13]} 19. Bf2 {[%clk 0:01:27]} Nf5
{[%clk 0:02:13]} 20. Rfe1 {[%clk 0:01:27]} Rfe8 {[%clk 0:02:13]} 21. Re2
{[%clk 0:01:26]} b6 {[%clk 0:02:01]} 22. Rde1 {[%clk 0:01:28]} a5
{[%clk 0:02:01]} 23. b3 {[%clk 0:01:25]} Re6 {[%clk 0:02:01]} 24. g3
{[%clk 0:01:00]} Ree8 {[%clk 0:01:57]} 25. Kg2 {[%clk 0:01:00]} c5
{[%clk 0:01:39]} 26. h3 {[%clk 0:00:52]} c4 {[%clk 0:01:29]} 27. Nc1
{[%clk 0:00:44]} cxb3 {[%clk 0:01:18]} 28. Nxb3 {[%clk 0:00:45]} Qxa4
{[%clk 0:01:19]} 29. Nc1 {[%clk 0:00:37]} dxe5 {[%clk 0:01:13]} 30. fxe5
{[%clk 0:00:30]} Rac8 {[%clk 0:00:43]} 31. Nd3 {[%clk 0:00:29]} Qc4
{[%clk 0:00:44]} 32. Rc1 {[%clk 0:00:30]} Bh6 {[%clk 0:00:44]} 33. Nf4
{[%clk 0:00:29]} Bxf4 {[%clk 0:00:44]} 34. gxf4 {[%clk 0:00:30]} b5
{[%clk 0:00:44]} 35. Ree1 {[%clk 0:00:29]} b4 {[%clk 0:00:41]} 36. cxb4
{[%clk 0:00:29]} Qxb4 {[%clk 0:00:42]} 37. Qa2 {[%clk 0:00:17]} Nxd4
{[%clk 0:00:37]} 38. Qxd5 Ne6 39. Rxc8 {[%clk 0:00:09]} Rxc8 {[%clk 0:00:39]} 40.
Be3 {[%clk 0:00:04]} Qxf4 {[%clk 0:00:32]} 41. Qxe6 {[%clk 0:00:03]} Qe4+
{[%clk 0:00:33]} 0-1

[Event "Blitz 2018"]
[Site "Saint-Petersburg"]
[Date "2018.12.29"]
[Round "8"]
[Board "73"]
[White "Geller Jakov (RUS)"]
[Black "Teterev Vitaly (BLR)"]
[Result "1-0"]
[LiveChessVersion "1.4.8"]
[BlackElo "2397"]
[WhiteElo "2528"]

1. e4 {[%clk 0:03:03]} c5 {[%clk 0:03:04]} 2. Nf3 {[%clk 0:03:03]} d6
{[%clk 0:03:05]} 3. d4 {[%clk 0:03:03]} cxd4 {[%clk 0:03:06]} 4. Nxd4
{[%clk 0:03:04]} Nf6 {[%clk 0:03:07]} 5. Nc3 {[%clk 0:03:05]} a6 {[%clk 0:03:09]}
6. Be3 {[%clk 0:03:05]} e6 {[%clk 0:03:09]} 7. f3 {[%clk 0:03:06]} b5
{[%clk 0:03:11]} 8. Qd2 {[%clk 0:03:05]} Nfd7 {[%clk 0:02:59]} 9. a4
{[%clk 0:02:53]} bxa4 {[%clk 0:02:55]} 10. Rxa4 {[%clk 0:02:48]} Be7
{[%clk 0:02:52]} 11. Be2 {[%clk 0:02:48]} O-O {[%clk 0:02:52]} 12. O-O
{[%clk 0:02:48]} Bb7 {[%clk 0:02:50]} 13. Rfa1 {[%clk 0:02:41]} Qc7
{[%clk 0:02:45]} 14. Nb3 {[%clk 0:02:40]} Nc5 {[%clk 0:02:38]} 15. Nxc5
{[%clk 0:02:14]} dxc5 {[%clk 0:02:39]} 16. Bf1 {[%clk 0:02:10]} Rd8
{[%clk 0:02:33]} 17. Qf2 {[%clk 0:02:11]} Bd6 {[%clk 0:02:07]} 18. g3
{[%clk 0:02:09]} Bc6 {[%clk 0:01:53]} 19. Ra5 {[%clk 0:02:00]} Nd7
{[%clk 0:01:36]} 20. Rxa6 {[%clk 0:01:57]} Rxa6 {[%clk 0:01:31]} 21. Rxa6
{[%clk 0:01:57]} Be5 {[%clk 0:01:31]} 22. Kg2 {[%clk 0:01:39]} Qb7
{[%clk 0:01:25]} 23. Qd2 {[%clk 0:00:55]} Bf6 {[%clk 0:01:05]} 24. Qc1
{[%clk 0:00:49]} Bd4 {[%clk 0:00:59]} 25. Bd3 {[%clk 0:00:37]} Ne5
{[%clk 0:01:00]} 26. Ra3 {[%clk 0:00:34]} h5 {[%clk 0:00:49]} 27. Bxd4
{[%clk 0:00:34]} Rxd4 {[%clk 0:00:43]} 28. Ne2 {[%clk 0:00:35]} Rb4
{[%clk 0:00:39]} 29. Qg5 {[%clk 0:00:35]} f6 {[%clk 0:00:35]} 30. Qxh5
{[%clk 0:00:34]} Rxb2 {[%clk 0:00:36]} 31. Rc3 {[%clk 0:00:25]} Qb4
{[%clk 0:00:28]} 32. Kh3 {[%clk 0:00:22]} c4 {[%clk 0:00:29]} 33. f4
{[%clk 0:00:18]} cxd3 {[%clk 0:00:12]} 34. cxd3 {[%clk 0:00:19]} Rxe2
{[%clk 0:00:10]} 35. Rxc6 {[%clk 0:00:20]} Rxh2+ {[%clk 0:00:05]} 36. Kxh2
{[%clk 0:00:21]} Qd2+ {[%clk 0:00:05]} 37. Kh3 {[%clk 0:00:22]} Nxc6
{[%clk 0:00:06]} 38. Qe8+ {[%clk 0:00:23]} Kh7 {[%clk 0:00:08]} 39. Qxc6
{[%clk 0:00:24]} Qxd3 {[%clk 0:00:08]} 40. Qxe6 {[%clk 0:00:25]} Qf1+
{[%clk 0:00:09]} 41. Kg4 {[%clk 0:00:17]} Qe2+ {[%clk 0:00:10]} 42. Kh4
{[%clk 0:00:17]} Qh2+ {[%clk 0:00:11]} 43. Qh3 {[%clk 0:00:18]} Qe2
{[%clk 0:00:09]} 44. e5 {[%clk 0:00:17]} fxe5 {[%clk 0:00:04]} 45. Qf5+
{[%clk 0:00:18]} Kh8 {[%clk 0:00:04]} 46. fxe5 {[%clk 0:00:17]} Qh2+
{[%clk 0:00:05]} 47. Kg4 {[%clk 0:00:18]} Qe2+ {[%clk 0:00:06]} 48. Kg5
{[%clk 0:00:18]} Qd2+ {[%clk 0:00:06]} 49. Kg6 {[%clk 0:00:17]} Qh6+
{[%clk 0:00:05]} 50. Kf7 {[%clk 0:00:18]} Qc6 {[%clk 0:00:04]} 51. Qh3+
{[%clk 0:00:19]} 1-0

[Event "Blitz 2018"]
[Site "Saint-Petersburg"]
[Date "2018.12.29"]
[Round "8"]
[Board "74"]
[White "Anisimov Pavel (RUS)"]
[Black "Tissir Mohamed (MAR)"]
[Result "0-1"]
[LiveChessVersion "1.4.8"]
[BlackElo "2381"]
[WhiteElo "2519"]

1. d4 {[%clk 0:03:02]} e6 {[%clk 0:03:03]} 2. Nf3 {[%clk 0:03:02]} Ne7
{[%clk 0:03:04]} 3. Bf4 {[%clk 0:03:00]} d5 {[%clk 0:02:58]} 4. e3
{[%clk 0:02:57]} Nf5 {[%clk 0:02:49]} 5. c4 {[%clk 0:02:47]} c6 {[%clk 0:02:50]}
6. Nc3 {[%clk 0:02:40]} Bd6 {[%clk 0:02:51]} 7. Bxd6 {[%clk 0:02:37]} Nxd6
{[%clk 0:02:52]} 8. c5 {[%clk 0:02:30]} Nf5 {[%clk 0:02:50]} 9. Bd3
{[%clk 0:02:28]} O-O {[%clk 0:02:51]} 10. Qc2 {[%clk 0:02:27]} h6
{[%clk 0:02:38]} 11. h4 {[%clk 0:02:25]} b6 {[%clk 0:02:34]} 12. g4
{[%clk 0:02:19]} Ne7 {[%clk 0:02:35]} 13. cxb6 {[%clk 0:01:55]} axb6
{[%clk 0:02:33]} 14. g5 {[%clk 0:01:45]} h5 {[%clk 0:02:34]} 15. g6
{[%clk 0:01:36]} fxg6 {[%clk 0:02:07]} 16. Ne5 {[%clk 0:01:28]} Nd7
{[%clk 0:02:03]} 17. Nxg6 {[%clk 0:01:21]} Nxg6 {[%clk 0:02:01]} 18. Bxg6
{[%clk 0:01:23]} Nf6 {[%clk 0:01:50]} 19. O-O-O {[%clk 0:01:15]} b5
{[%clk 0:01:48]} 20. Kb1 {[%clk 0:01:07]} Qe7 {[%clk 0:01:40]} 21. f4
{[%clk 0:00:59]} Qa7 {[%clk 0:01:16]} 22. b3 {[%clk 0:00:59]} Bd7
{[%clk 0:01:12]} 23. Ne2 {[%clk 0:00:54]} Ng4 {[%clk 0:01:06]} 24. Rh3
{[%clk 0:00:27]} Nf2 {[%clk 0:01:07]} 25. Rdh1 {[%clk 0:00:28]} Nxh3
{[%clk 0:01:06]} 26. Rxh3 e5 27. Rg3 {[%clk 0:00:27]} exf4 {[%clk 0:01:02]} 28.
Nxf4 {[%clk 0:00:28]} Bg4 {[%clk 0:01:00]} 29. Bh7+ {[%clk 0:00:18]} Kh8
{[%clk 0:00:52]} 30. Ng6+ {[%clk 0:00:19]} Kxh7 {[%clk 0:00:53]} 31. Nxf8+
{[%clk 0:00:20]} Kg8 {[%clk 0:00:55]} 32. Ng6 {[%clk 0:00:20]} Qf7
{[%clk 0:00:50]} 33. Ne5 {[%clk 0:00:18]} Qf1+ {[%clk 0:00:49]} 34. Kb2
{[%clk 0:00:20]} Bf5 {[%clk 0:00:47]} 35. Qg2 {[%clk 0:00:15]} Qb1+
{[%clk 0:00:39]} 36. Kc3 {[%clk 0:00:16]} Qe1+ {[%clk 0:00:38]} 37. Kb2
{[%clk 0:00:14]} Qb1+ {[%clk 0:00:23]} 38. Kc3 {[%clk 0:00:16]} b4+
{[%clk 0:00:16]} 39. Kxb4 {[%clk 0:00:16]} Qe1+ {[%clk 0:00:17]} 40. Kc5
{[%clk 0:00:15]} Qa5+ {[%clk 0:00:17]} 41. Kxc6 {[%clk 0:00:06]} Ra6+
{[%clk 0:00:17]} 42. Kb7 {[%clk 0:00:06]} Qb6# {[%clk 0:00:16]} 0-1

[Event "Blitz 2018"]
[Site "Saint-Petersburg"]
[Date "2018.12.29"]
[Round "8"]
[Board "75"]
[White "Yeritsyan Aram (RUS)"]
[Black "Belozerov Andrei (RUS)"]
[Result "0-1"]
[LiveChessVersion "1.4.8"]
[BlackElo "2518"]
[WhiteElo "2191"]

1. e4 {[%clk 0:03:04]} c6 {[%clk 0:03:04]} 2. d4 {[%clk 0:03:05]} d5
{[%clk 0:03:05]} 3. e5 {[%clk 0:03:06]} Bf5 4. h4 h5 {[%clk 0:03:08]} 5. Bd3
{[%clk 0:03:09]} Bxd3 {[%clk 0:03:09]} 6. Qxd3 {[%clk 0:03:10]} Qa5+
{[%clk 0:03:10]} 7. Nd2 {[%clk 0:03:11]} e6 {[%clk 0:03:10]} 8. Ngf3
{[%clk 0:03:06]} Qa6 {[%clk 0:02:53]} 9. c4 {[%clk 0:03:07]} Nh6 {[%clk 0:02:45]}
10. O-O {[%clk 0:03:08]} Nf5 {[%clk 0:02:45]} 11. b3 {[%clk 0:03:08]} Be7
{[%clk 0:02:42]} 12. a4 {[%clk 0:03:09]} Nxh4 {[%clk 0:02:37]} 13. Nxh4
{[%clk 0:03:10]} Bxh4 {[%clk 0:02:37]} 14. Ba3 {[%clk 0:03:11]} Nd7
{[%clk 0:02:26]} 15. b4 {[%clk 0:02:50]} dxc4 {[%clk 0:00:59]} 16. Nxc4
{[%clk 0:02:51]} Nxe5 {[%clk 0:00:25]} 17. dxe5 {[%clk 0:02:38]} O-O
{[%clk 0:00:21]} 18. b5 {[%clk 0:02:32]} cxb5 {[%clk 0:00:21]} 19. axb5
{[%clk 0:02:33]} Qxb5 {[%clk 0:00:22]} 20. Bxf8 {[%clk 0:02:34]} Rxf8
{[%clk 0:00:23]} 21. Rxa7 {[%clk 0:02:25]} Rc8 {[%clk 0:00:22]} 22. Rc1
{[%clk 0:02:05]} Qc5 {[%clk 0:00:23]} 23. Ra2 {[%clk 0:01:26]} b5
{[%clk 0:00:18]} 24. Rac2 {[%clk 0:00:41]} bxc4 {[%clk 0:00:18]} 25. Qe4
{[%clk 0:00:42]} Bg5 {[%clk 0:00:16]} 26. Rxc4 {[%clk 0:00:38]} Bxc1
{[%clk 0:00:16]} 27. Rxc5 {[%clk 0:00:39]} Rxc5 {[%clk 0:00:18]} 28. f4
{[%clk 0:00:32]} g6 {[%clk 0:00:12]} 29. g3 {[%clk 0:00:33]} Rd5 {[%clk 0:00:10]}
30. Kf2 {[%clk 0:00:30]} Ba3 {[%clk 0:00:08]} 31. Qc4 {[%clk 0:00:27]} Bc5+
{[%clk 0:00:09]} 32. Kf3 {[%clk 0:00:28]} Kg7 {[%clk 0:00:10]} 33. Qa6
{[%clk 0:00:26]} Be7 {[%clk 0:00:10]} 34. Qb7 {[%clk 0:00:25]} Bf8
{[%clk 0:00:11]} 35. Qc7 {[%clk 0:00:23]} Rd3+ {[%clk 0:00:11]} 36. Kg2
{[%clk 0:00:20]} Rd5 {[%clk 0:00:11]} 37. Kh3 {[%clk 0:00:19]} Rd1
{[%clk 0:00:11]} 38. Kg2 {[%clk 0:00:18]} Rd2+ {[%clk 0:00:12]} 39. Kf3
{[%clk 0:00:17]} Rd3+ {[%clk 0:00:13]} 40. Kf2 {[%clk 0:00:17]} Rd5
{[%clk 0:00:14]} 41. Qb7 {[%clk 0:00:10]} Bc5+ {[%clk 0:00:15]} 42. Kg2
{[%clk 0:00:10]} Rd2+ {[%clk 0:00:14]} 43. Kh3 {[%clk 0:00:09]} Bg1
{[%clk 0:00:12]} 44. g4 {[%clk 0:00:06]} hxg4+ {[%clk 0:00:10]} 45. Kxg4
{[%clk 0:00:07]} Rd5 {[%clk 0:00:09]} 46. Qe7 {[%clk 0:00:07]} Bc5
{[%clk 0:00:08]} 47. Qf6+ {[%clk 0:00:08]} Kg8 {[%clk 0:00:09]} 48. Kg5
{[%clk 0:00:06]} Rd7 {[%clk 0:00:11]} 49. Kg4 Be7 0-1

[Event "Blitz 2018"]
[Site "Saint-Petersburg"]
[Date "2018.12.29"]
[Round "8"]
[Board "76"]
[White "Makoveev Ilya (RUS)"]
[Black "Tregubov Pavel V. (RUS)"]
[Result "1/2-1/2"]
[LiveChessVersion "1.4.8"]
[BlackElo "2516"]
[WhiteElo "2243"]

1. e4 {[%clk 0:03:02]} c5 {[%clk 0:03:03]} 2. Nf3 e6 3. d4 {[%clk 0:03:04]} cxd4
{[%clk 0:03:06]} 4. Nxd4 {[%clk 0:03:04]} Nc6 {[%clk 0:03:07]} 5. Nc3
{[%clk 0:03:01]} Nf6 {[%clk 0:03:08]} 6. Ndb5 {[%clk 0:03:01]} Bb4
{[%clk 0:03:09]} 7. a3 {[%clk 0:03:01]} Bxc3+ {[%clk 0:03:10]} 8. Nxc3
{[%clk 0:03:02]} d5 {[%clk 0:03:11]} 9. exd5 {[%clk 0:02:59]} exd5
{[%clk 0:03:12]} 10. Bd3 {[%clk 0:03:00]} O-O {[%clk 0:03:12]} 11. O-O
{[%clk 0:02:59]} d4 {[%clk 0:03:12]} 12. Ne2 {[%clk 0:02:59]} Bg4
{[%clk 0:03:13]} 13. f3 {[%clk 0:02:42]} Bh5 {[%clk 0:03:14]} 14. Bg5
{[%clk 0:02:07]} Qd6 {[%clk 0:03:12]} 15. Qd2 {[%clk 0:02:07]} Nd5
{[%clk 0:02:57]} 16. Ng3 {[%clk 0:01:50]} Bg6 {[%clk 0:02:57]} 17. Ne4
{[%clk 0:01:51]} Qc7 {[%clk 0:02:50]} 18. c4 {[%clk 0:00:46]} dxc3
{[%clk 0:02:42]} 19. Nxc3 {[%clk 0:00:47]} Nxc3 {[%clk 0:01:49]} 20. Bxg6
{[%clk 0:00:43]} hxg6 {[%clk 0:01:45]} 21. Qxc3 {[%clk 0:00:42]} Rfe8
{[%clk 0:01:36]} 22. Rfe1 {[%clk 0:00:41]} Qb6+ {[%clk 0:01:22]} 23. Be3
{[%clk 0:00:37]} Qb5 {[%clk 0:01:10]} 24. Bf2 {[%clk 0:00:34]} a6
{[%clk 0:01:06]} 25. Rad1 {[%clk 0:00:32]} Rad8 {[%clk 0:00:57]} 26. h3
{[%clk 0:00:29]} Rxe1+ {[%clk 0:00:36]} 27. Rxe1 {[%clk 0:00:29]} Qd5
{[%clk 0:00:34]} 28. Qc2 {[%clk 0:00:16]} Kh7 {[%clk 0:00:30]} 29. Qa4
{[%clk 0:00:12]} Rd7 {[%clk 0:00:26]} 30. Qh4+ {[%clk 0:00:12]} Qh5
{[%clk 0:00:27]} 31. Qc4 {[%clk 0:00:11]} Qd5 {[%clk 0:00:21]} 32. Qh4+
{[%clk 0:00:12]} Qh5 {[%clk 0:00:21]} 33. Qc4 {[%clk 0:00:13]} Qd5
{[%clk 0:00:21]} 1/2-1/2